<?xml version="1.0" encoding="UTF-8"?>
<record
    xmlns:xsi="http://www.w3.org/2001/XMLSchema-instance"
    xsi:schemaLocation="http://www.loc.gov/MARC21/slim http://www.loc.gov/standards/marcxml/schema/MARC21slim.xsd"
    xmlns="http://www.loc.gov/MARC21/slim">

  <leader>02572nas a2200265Ia 4500</leader>
  <controlfield tag="001">R235-R2563</controlfield>
  <controlfield tag="003">IT-CnALBA</controlfield>
  <controlfield tag="008">170116c99999999xx ||||||||||||   ||und||</controlfield>
  <datafield tag="040" ind1=" " ind2=" ">
    <subfield code="a">IT-CnALBA</subfield>
    <subfield code="c">IT-CnALBA</subfield>
  </datafield>
  <datafield tag="041" ind1=" " ind2=" ">
    <subfield code="a">FRANCESE </subfield>
  </datafield>
  <datafield tag="100" ind1=" " ind2=" ">
    <subfield code="a">POIRSON A.</subfield>
  </datafield>
  <datafield tag="210" ind1=" " ind2=" ">
    <subfield code="a">LA REVUE DES SAINTS</subfield>
  </datafield>
  <datafield tag="222" ind1=" " ind2=" ">
    <subfield code="a">LA REVUE DES SAINTS</subfield>
  </datafield>
  <datafield tag="245" ind1=" " ind2="0">
    <subfield code="a">LA REVUE DES SAINTS. N. XIII. AN. II. AVRIL 1928. N. XXXVI AN. IV, MARS 1930. N. XLVI AN. V. JAN. 1931... </subfield>
  </datafield>
  <datafield tag="250" ind1=" " ind2=" ">
    <subfield code="a">1a ed.</subfield>
  </datafield>
  <datafield tag="260" ind1=" " ind2=" ">
    <subfield code="a"> PARIS</subfield>
    <subfield code="b">BONNE PRESSE, MAISON DE LA... </subfield>
    <subfield code="c">n.d.</subfield>
  </datafield>
  <datafield tag="300" ind1=" " ind2=" ">
    <subfield code="a">574 p. </subfield>
  </datafield>
  <datafield tag="310" ind1=" " ind2=" ">
    <subfield code="a">VARIA</subfield>
  </datafield>
  <datafield tag="500" ind1=" " ind2=" ">
    <subfield code="a">... N. XLVIII N. LII. AN. V. 1931. N. LIV. AN. V. 1931. LA RIVISTA DEI SANTI E SANTE. RACCOLTA MANCANTE DI ALCUNI FASCICOLI. S. VINCENZO FERRERI. . GERTRUDE DI WAUDRU. S. MACARIO. ROBERTO BEATA MARIA DELL'INCARNAZIONE. FEDELE DI SIGMARINGA. CATERINA DA SIENA. SOFRONIO EUFRASIA MATILDE. S. BASILIO DI ANCIRA. GIUSEPPE ORIOL. GIOVANNI DAMASCENO GIOVANNI CLIMACO. SEVERINO. GIULIANO MARTIRE E BASILISSA VERGINE. BENEDETTO BISCOP. BEATA VERONICA DI BINASCO. DESLE OU DEICOLE. PRIET OU PRIX. LEUCE THYRS E GALLINIQUE. BEATO E. SUSONE. CASIMIRO ATTALO LUDGER JONAS BARACHISIUS. BEATA GIOVANNA DI TOLOSA. FRANCESCO DI PAOLA. RICCARDO. CATERINA THOMAS. EDESE. BEATA IDA. BEATO PIETRO GONZALEZ. PIETRO ARMENGOL. SIGISMONDO. BEATA ELISABETTA DI TOESS. DOMITILLA E COMPAGNE. PIETRO DI BELLEVAUX. PRUDENZIA. BEATO BERNARDO DE MORLAAS. TEODOSIA. ETC... CONFRONTA INDICI DEL VOLUME PER ALTRI SANTI. </subfield>
  </datafield>
  <datafield tag="501" ind1=" " ind2=" ">
    <subfield code="a">Societ&#xE0; San Paolo EM - Piazza San Paolo, 14 - 12051 ALBA (CN)  (non commercial uses only) &#xAE; Copyright 2017</subfield>
  </datafield>
  <datafield tag="520" ind1=" " ind2=" ">
    <subfield code="a">... N. XLVIII N. LII. AN. V. 1931. N. LIV. AN. V. 1931. LA RIVISTA DEI SANTI E SANTE. RACCOLTA MANCANTE DI ALCUNI FASCICOLI. S. VINCENZO FERRERI. . GERTRUDE DI WAUDRU. S. MACARIO. ROBERTO BEATA MARIA DELL'INCARNAZIONE. FEDELE DI SIGMARINGA. CATERINA DA SIENA. SOFRONIO EUFRASIA MATILDE. S. BASILIO DI ANCIRA. GIUSEPPE ORIOL. GIOVANNI DAMASCENO GIOVANNI CLIMACO. SEVERINO. GIULIANO MARTIRE E BASILISSA VERGINE. BENEDETTO BISCOP. BEATA VERONICA DI BINASCO. DESLE OU DEICOLE. PRIET OU PRIX. LEUCE THYRS E GALLINIQUE. BEATO E. SUSONE. CASIMIRO ATTALO LUDGER JONAS BARACHISIUS. BEATA GIOVANNA DI TOLOSA. FRANCESCO DI PAOLA. RICCARDO. CATERINA THOMAS. EDESE. BEATA IDA. BEATO PIETRO GONZALEZ. PIETRO ARMENGOL. SIGISMONDO. BEATA ELISABETTA DI TOESS. DOMITILLA E COMPAGNE. PIETRO DI BELLEVAUX. PRUDENZIA. BEATO BERNARDO DE MORLAAS. TEODOSIA. ETC... CONFRONTA INDICI DEL VOLUME PER ALTRI SANTI. </subfield>
  </datafield>
  <datafield tag="650" ind1=" " ind2=" ">
    <subfield code="a">ANGELI SANTI DEMONI</subfield>
  </datafield>
  <datafield tag="942" ind1=" " ind2=" ">
    <subfield code="c">CR</subfield>
  </datafield>
  <datafield tag="957" ind1=" " ind2=" ">
    <subfield code="7">1</subfield>
  </datafield>
  <datafield tag="999" ind1=" " ind2=" ">
    <subfield code="a">12541</subfield>
    <subfield code="b">NO</subfield>
    <subfield code="g">1</subfield>
    <subfield code="c">320638</subfield>
    <subfield code="d">320638</subfield>
  </datafield>
  <datafield tag="952" ind1=" " ind2=" ">
    <subfield code="0">0</subfield>
    <subfield code="1">0</subfield>
    <subfield code="4">0</subfield>
    <subfield code="6">R_235R2563</subfield>
    <subfield code="7">1</subfield>
    <subfield code="a">ALBA</subfield>
    <subfield code="b">ALBA</subfield>
    <subfield code="d">2017-01-16</subfield>
    <subfield code="l">0</subfield>
    <subfield code="o">R235-R2563</subfield>
    <subfield code="r">2017-01-16 00:00:00</subfield>
    <subfield code="w">2017-01-16</subfield>
    <subfield code="y">CR</subfield>
    <subfield code="z">(data import: 16 gennaio 2017) - By Epidotti, Vaglietti. </subfield>
  </datafield>
</record>
